000 00726nam a22002417a 4500
008 130918b xxu||||| |||| 00| 0 eng d
020 _a81-7808-149-0
024 _cAvailable
037 _cAvailable
040 _aMBSTU LIBRARY
_dMBSTU LIBRARY
082 _222
_a658.84 SHD
100 _aSharma, Vivek.
245 _aDeveloping e-commerce sites an integrated approach .
260 _aNew York
_bAddison Wesley.
_c2000
300 _a24 cm.
_b617 page
_f1
_g24 cm.
600 _2Expart marketing.
650 _2Expart marketing.
700 _aSharma, Vivek.
270 _aNew York
_bNew York
_dUSA
365 _b434.00
_d434.00
942 _2ddc
_cBK
999 _c685
_d685